| 000 | 00897cab a2200193 4500 | ||
|---|---|---|---|
| 001 | ##L132310 | ||
| 008 | 060125n2006 000 0 eng u | ||
| 035 | _a(Sirsi) u132310 | ||
| 041 | 0 | _aeng | |
| 100 | 1 | _aFenn, Katharine | |
| 245 | 0 | 2 | _aA lot to be desired |
| 260 | _c2006 | ||
| 490 | 0 |
_aEstates Gazette _v(0603) 21 January 2006, 115(1) |
|
| 520 | _aOutlines a wide range of perceived problems with the draft Home Information Pack Regulations (L131567) sent out for consultation at the end of 2005 with responses required by 30 December 2005. Concludes that the regulations in their draft form are so complex that no DIY conveyancer will be able to prepare a home information pack. | ||
| 590 | _aIKA310106 | ||
| 650 | 2 | 4 | _aHOME INFORMATION PACK REGULATIONS 2006 |
| 690 | _aPROPERTY-RESIDENTIAL PROPERTY-ACQUISITION AND DISPOSAL OF RESIDENTIAL PROPERTY-HOME BUYING REFORM | ||
| 942 | _n0 | ||
| 999 |
_c76394 _d76394 |
||